Normal view
MARC view
- الارشاد النفسي-العلاج النفسي
Entry Topical Term
001 - CONTROL NUMBER
- control field: 28627
003 - CONTROL NUMBER IDENTIFIER
- control field: JO-AjAnu
005 - DATE AND TIME OF LATEST TRANSACTION
- control field: 20230606074841.0
008 - FIXED-LENGTH DATA ELEMENTS
- fixed length control field: 230606|| aca||aabn | a|a d
040 ## - CATALOGING SOURCE
- Original cataloging agency: JO-AjAnu
- Transcribing agency: JO-AjAnu
150 ## - HEADING--TOPICAL TERM
- Topical term or geographic name entry element: الارشاد النفسي-العلاج النفسي
670 ## - SOURCE DATA FOUND
- Source citation: Work cat.: (JO-AjAnu)14695: عمر،ماهر محمود, author 28626, المقابلة في الإرشاد والعلاج النفسي